[Event "1/94 4th"]
[Site "1/94 4th Harvard"]
[Date "1993.??.??"]
[Round "?"]
[White "Kasparov, Gary"]
[Black "Gurevich, Mikhail N"]
[Result "0-1"]
[WhiteElo "2805"]
[BlackElo "2610"]
[PlyCount "69"]
[EventDate "1993.??.??"]
[Source "www.chesslib.no"]
[SourceDate "2004.05.04"]

1. d4 Nf6 2. c4 g6 3. Nc3 d5 4. Bf4 Bg7 5. e3 c5 6. dxc5 Qa5 7. Rc1 Ne4 8. cxd5 Nxc3 9. Qd2 Qxa2 10. bxc3 Qa5 11. Nf3 Nd7 12. c6 bxc6 13. dxc6 Nc5 14. Qb2 Na4 15. Qa3 O-O 16. Nd4 e5 17. Nb3 Qd5 18. Bxe5 Bxe5 19. Qxa4 Rb8 20. Nd4 Rb2 21. Qxa7 Bh3 22. Qa3 Rfb8 23. c4 Qe4 24. f3 Qh4+ 25. g3 Qh6 26. Nb5 Bxf1 27. c7 Re8 28. Rxf1 Qxh2 29. Qd3 Bxc7 30. Kd1 Rd8 31. Nd4 Qg2 32. Ra1 Be5 33. Kc1 Bxd4 34. exd4 Re8 35. Rb1 0-1

[Event "Amber-blind 10th"]
[Site "Monte Carlo"]
[Date "2001.03.24"]
[Round "7"]
[White "Piket, Jeroen"]
[Black "Leko, Peter"]
[Result "1-0"]
[WhiteElo "2632"]
[BlackElo "2745"]
[PlyCount "115"]
[EventDate "2001.03.17"]
[Source "ChessBase"]
[SourceDate "2001.05.06"]

1. d4 Nf6 2. c4 g6 3. Nc3 d5 4. Bf4 Bg7 5. e3 c5 6. dxc5 Qa5 7. Rc1 dxc4 8. Bxc4 O-O 9. Nge2 Qxc5 10. Qb3 Qa5 11. O-O Nbd7 12. a3 Nb6 13. Bc7 Qc5 14. Na4 Nxa4 15. Qxa4 Qg5 16. Ng3 Ne8 17. Bf4 Qf6 18. Ne4 Qb6 19. b4 Bf5 20. Nc5 Nd6 21. Bd5 Bb2 22. Rcd1 Rad8 23. Qb3 Bg7 24. Bxd6 Rxd6 25. Bxb7 Rfd8 26. Be4 Bc8 27. h3 h5 28. Bf3 Kf8 29. Rxd6 Rxd6 30. Rc1 Rd8 31. a4 Be5 32. a5 Qb5 33. Qc4 Qb8 34. Rd1 Bf5 35. g4 hxg4 36. hxg4 Rxd1+ 37. Bxd1 Bc8 38. Bb3 e6 39. Bd1 Qc7 40. Bf3 Ke7 41. Kg2 Bd6 42. Qd4 Be5 43. Qd3 Bd7 44. Qa6 Bd6 45. Nxd7 Kxd7 46. b5 Bc5 47. b6 axb6 48. Qb5+ Ke7 49. a6 Qa7 50. Bb7 Bd6 51. Qg5+ f6 52. Qxg6 Be5 53. Qg7+ Kd6 54. f4 Bb2 55. Qf8+ Kd7 56. Qc8+ Kd6 57. Qc6+ Ke7 58. Qc7+ 1-0

[Event "Rethymnon"]
[Site "?"]
[Date "2003.??.??"]
[Round "?"]
[White "Dreev, A."]
[Black "Sutovsky, E."]
[Result "1/2-1/2"]
[WhiteElo "2698"]
[BlackElo "2639"]
[PlyCount "102"]
[EventDate "2003.??.??"]
[Source "Chess Informant"]
[SourceDate "2003.10.01"]

1. d4 Nf6 2. c4 g6 3. Nc3 d5 4. Bf4 Bg7 5. e3 c5 6. dxc5 Qa5 7. Rc1 dxc4 8. Bxc4 O-O 9. Nge2 Qxc5 10. Qb3 Nc6 11. Nb5 Qh5 12. Ng3 Qh4 13. Nc7 e5 14. Bxe5 Nxe5 15. Nxa8 Bd7 16. Nc7 Bc6 17. Nd5 Kh8 18. Nf4 g5 19. Nd3 Nxd3+ 20. Bxd3 Bxg2 21. Qc4 Ng4 22. Bf5 Ne5 23. Qxh4 gxh4 24. Rg1 Bc6 25. Nh5 Nf3+ 26. Ke2 Bxb2 27. Rgd1 Bxc1 28. Rxc1 Re8 29. Nf6 Nd4+ 30. Kd3 Nxf5 31. Nxe8 Bxe8 32. Rc8 Ng7 33. Rb8 b6 34. Rb7 Nh5 35. Rxa7 Nf6 36. f3 Kg7 37. e4 Nd7 38. Ke3 Nc5 39. Ra8 Ba4 40. Rb8 b5 41. f4 Nd7 42. Rb7 Nf6 43. h3 Bc2 44. Rxb5 Bxe4 45. a4 h6 46. a5 Bg2 47. a6 Bxh3 48. Kf2 Bd7 49. Rb6 Bf5 50. a7 Be4 51. Rb4 Bc6 1/2-1/2

[Event "Amber-blind 10th"]
[Site "Monte Carlo"]
[Date "2001.03.19"]
[Round "3"]
[White "Piket, Jeroen"]
[Black "Van Wely, Loek"]
[Result "1/2-1/2"]
[WhiteElo "2632"]
[BlackElo "2700"]
[PlyCount "98"]
[EventDate "2001.03.17"]
[Source "ChessBase"]
[SourceDate "2001.05.06"]

1. d4 Nf6 2. c4 g6 3. Nc3 d5 4. Bf4 Bg7 5. e3 c5 6. dxc5 Qa5 7. Rc1 dxc4 8. Bxc4 O-O 9. Nge2 Qxc5 10. Qb3 Nc6 11. Nb5 Qh5 12. Nc7 Na5 13. Bxf7+ Rxf7 14. Qa3 Rb8 15. Rc5 Qg4 16. Rg5 Nc4 17. Qxa7 Qd7 18. O-O e5 19. Qxb8 exf4 20. Rc5 Nd2 21. Ne6 Qxe6 22. Qxc8+ Qxc8 23. Rxc8+ Bf8 24. Rd1 fxe3 25. fxe3 Rd7 26. Nd4 Nde4 27. Rdc1 Kf7 28. R1c7 Bd6 29. Rxd7+ Nxd7 30. g3 Nb6 31. Rh8 Nf6 32. g4 h6 33. Rxh6 Nc4 34. g5 Nh5 35. Rh7+ Ng7 36. Ne6 Be5 37. Nxg7 Bxg7 38. Rh4 b5 39. a4 Nxe3 40. Rf4+ Ke6 41. Re4+ Kf5 42. Rb4 bxa4 43. Rxa4 Bxb2 44. h4 Be5 45. Kf2 Nc2 46. Kf3 Nd4+ 47. Rxd4 Bxd4 48. h5 gxh5 49. g6 Kxg6 1/2-1/2

[Event "New York USA"]
[Site "?"]
[Date "2002.10.08"]
[Round "4"]
[White "Novikov Igor A"]
[Black "Nakamura Hikaru"]
[Result "1-0"]
[WhiteElo "2719"]
[BlackElo "2571"]
[PlyCount "115"]
[EventDate "2002.??.??"]
[Source "www.chesslib.no"]
[SourceDate "2004.05.04"]

1. d4 Nf6 2. c4 g6 3. Nc3 d5 4. Bf4 Bg7 5. e3 c5 6. dxc5 Be6 7. Nf3 O-O 8. Nd4 Nc6 9. Nxe6 fxe6 10. Be2 Qa5 11. O-O Rad8 12. Qa4 Qxa4 13. Nxa4 Ne4 14. cxd5 exd5 15. Rad1 g5 16. Bg3 e6 17. Bd3 Nxg3 18. hxg3 h6 19. a3 Kf7 20. b4 Ke7 21. Be2 Rd7 22. Rd2 Rc7 23. Rc1 Nb8 24. Nc3 a6 25. Bf3 Rd8 26. Ne2 Nd7 27. Nd4 Nf6 28. Rcd1 Rf8 29. Rc2 g4 30. Be2 h5 31. Bd3 Nd7 32. Ne2 Be5 33. Nf4 Bxf4 34. gxf4 b6 35. cxb6 Rxc2 36. Bxc2 Nxb6 37. Bd3 Rc8 38. Bxa6 Ra8 39. b5 Nc4 40. a4 h4 41. f5 g3 42. fxe6 Kxe6 43. Bb7 Rxa4 44. Bxd5+ Ke5 45. Bxc4 Rxc4 46. Rb1 Rc7 47. b6 Rb7 48. Kf1 gxf2 49. Kxf2 Ke4 50. Rb4+ Kd3 51. Kf3 Kc3 52. Rb1 Kc2 53. Rb5 Kc3 54. Kf4 Kc4 55. Rb1 Kd5 56. Kg4 Ke4 57. Rb3 h3 58. Kxh3 1-0

[Event "New York USA"]
[Site "?"]
[Date "2002.10.22"]
[Round "2"]
[White "Novikov Igor A"]
[Black "Nakamura Hikaru"]
[Result "1-0"]
[WhiteElo "2719"]
[BlackElo "2571"]
[PlyCount "179"]
[EventDate "2002.??.??"]
[Source "www.chesslib.no"]
[SourceDate "2004.05.04"]

1. d4 Nf6 2. c4 g6 3. Nc3 d5 4. Bf4 Bg7 5. e3 c5 6. dxc5 Qa5 7. Rc1 Ne4 8. Nge2 e5 9. Bxe5 Bxe5 10. Qxd5 Nc6 11. Qxe4 Bf5 12. Qh4 Rd8 13. a3 Qxc5 14. b4 Qd6 15. Rd1 Qf6 16. Rxd8+ Kxd8 17. Qxf6+ Bxf6 18. Kd2 a5 19. b5 Ne5 20. Nd4 Be6 21. Nxe6+ fxe6 22. Be2 Be7 23. Ra1 Nd7 24. Ne4 Nc5 25. Nxc5 Bxc5 26. a4 b6 27. Bd3 Ke7 28. h4 Kf6 29. Rh1 Rd8 30. Ke2 h6 31. Rh3 Bd6 32. g4 Kg7 33. f4 e5 34. f5 gxf5 35. Bxf5 Bb4 36. Bd3 Be7 37. Be4 Rf8 38. Rh1 Rd8 39. g5 hxg5 40. hxg5 Rh8 41. Rd1 Rh2+ 42. Kf3 Bxg5 43. Rd7+ Kf6 44. Rd6+ Ke7 45. Rxb6 Rh3+ 46. Kg4 Rxe3 47. Kxg5 Rxe4 48. Rc6 Kd7 49. Rc5 Kd6 50. Rc6+ Kd7 51. Kf5 Re1 52. c5 e4 53. Rd6+ Kc8 54. c6 e3 55. b6 Rf1+ 56. Kg4 e2 57. b7+ Kc7 58. Rd7+ Kxc6 59. b8=Q Kxd7 60. Qb5+ Kc7 61. Qxa5+ Kb7 62. Qb5+ Ka7 63. Qxe2 Rf7 64. Qb5 Rb7 65. Qc6 Rb6 66. Qc5 Ka6 67. Kf4 Rh6 68. Qb5+ Ka7 69. Qd7+ Ka6 70. Ke4 Rb6 71. Kd4 Rh6 72. Kc4 Rb6 73. Qc8+ Ka7 74. Qc7+ Ka6 75. Qd7 Rb7 76. Qd3 Ka7 77. Kc5 Ka8 78. Kc6 Ka7 79. Qd4+ Ka8 80. Qd5 Ka7 81. Qd8 Rh7 82. Qd4+ Ka8 83. Qe3 Rb7 84. Qe4 Ka7 85. a5 Ka6 86. Qd3+ Ka7 87. Qe3+ Ka8 88. a6 Rh7 89. Qg5 Ka7 90. Qg1+ 1-0

[Event "5th Open"]
[Site "Dubai"]
[Date "2003.04.25"]
[Round "6"]
[White "Aleksandrov, Aleksej"]
[Black "Timofeev, Artyom"]
[Result "1-0"]
[WhiteElo "2650"]
[BlackElo "2577"]
[PlyCount "79"]
[EventDate "2003.04.21"]
[Source "Roberto Alvarez"]
[SourceDate "2003.05.05"]

1. d4 Nf6 2. c4 g6 3. Nc3 d5 4. Bf4 Bg7 5. e3 c5 6. dxc5 Qa5 7. Rc1 dxc4 8. Bxc4 O-O 9. Nge2 Qxc5 10. Qb3 Nc6 11. Nb5 Qh5 12. Ng3 Qh4 13. Nc7 g5 14. Bxg5 Qxg5 15. Nxa8 Bd7 16. O-O Na5 17. Qb4 Qe5 18. Rfe1 Nxc4 19. Rxc4 Rxa8 20. Qxb7 Rb8 21. Qxa7 Rxb2 22. a4 h5 23. h3 Be6 24. Rd4 Bd5 25. Qc5 e6 26. Qc8+ Bf8 27. Qc1 Ra2 28. Re2 Ra3 29. Rc2 Bd6 30. Rc3 Rxc3 31. Qxc3 Qg5 32. h4 Qg6 33. Qd3 Qg7 34. e4 Bxg3 35. exd5 Be5 36. Rc4 Qh6 37. dxe6 fxe6 38. a5 Nd5 39. a6 Nf4 40. Qe4 1-0

[Event "New York USA"]
[Site "?"]
[Date "2002.11.05"]
[Round "2"]
[White "Novikov Igor A"]
[Black "Shahade Gregory P"]
[Result "0-1"]
[WhiteElo "2719"]
[BlackElo "2493"]
[PlyCount "122"]
[EventDate "2002.??.??"]
[Source "www.chesslib.no"]
[SourceDate "2004.05.04"]

1. d4 Nf6 2. c4 g6 3. Nc3 d5 4. Bf4 Bg7 5. e3 c5 6. dxc5 Qa5 7. Rc1 dxc4 8. Bxc4 O-O 9. Nge2 Qxc5 10. Nb5 Qb4+ 11. Kf1 Na6 12. a3 Qa5 13. b4 Qd8 14. f3 Bd7 15. Kf2 Qb6 16. Nec3 Rac8 17. Na4 Qd8 18. Qe2 Nh5 19. Bg5 h6 20. Bh4 Bxb5 21. Bxb5 Rxc1 22. Rxc1 Qd6 23. Bg3 Nxg3 24. hxg3 Nc7 25. Rd1 Qe5 26. Bd3 Nd5 27. f4 Qf6 28. Bxg6 Nxe3 29. Bxf7+ Qxf7 30. Qxe3 e5 31. Nc5 exf4 32. gxf4 Qxf4+ 33. Qxf4 Rxf4+ 34. Ke3 Rf7 35. Rd8+ Kh7 36. Rd7 Rxd7 37. Nxd7 Kg6 38. Nc5 b6 39. Ne6 Bb2 40. a4 Kf5 41. Nd8 Kg4 42. Kf2 a6 43. b5 axb5 44. axb5 Bd4+ 45. Kf1 Bc5 46. Ke2 Kg3 47. Kf1 Kg4 48. Nc6 h5 49. Ke2 Kg3 50. Kf1 h4 51. Ne5 h3 52. gxh3 Kxh3 53. Ke2 Kg3 54. Kd3 Kf4 55. Nd7 Bg1 56. Kc4 Ke4 57. Nb8 Ke5 58. Nc6+ Kd6 59. Nb4 Kc7 60. Kd5 Kb7 61. Kd6 Bc5+ 0-1

[Event "Brno-A"]
[Site "Brno"]
[Date "1994.??.??"]
[Round "2"]
[White "Dreev, Alexey"]
[Black "Stohl, Igor"]
[Result "1-0"]
[WhiteElo "2650"]
[BlackElo "2560"]
[PlyCount "93"]
[EventDate "1994.08.??"]
[Source "ChessBase"]

1. d4 Nf6 2. c4 g6 3. Nc3 d5 4. Bf4 Bg7 5. e3 c5 6. dxc5 Qa5 7. Qa4+ Qxa4 8. Nxa4 Na6 9. cxd5 Nxd5 10. Bb5+ Bd7 11. Bxd7+ Kxd7 12. O-O-O Kc6 13. Nf3 Nxc5 14. Be5 Nxa4 15. Bxg7 Rhc8 16. Kb1 f6 17. Rd4 Nc5 18. Rc1 a5 19. Bh6 b6 20. e4 Nc7 21. Rdc4 N7e6 22. Be3 Kb7 23. b4 axb4 24. Rxb4 Ra4 25. Rxa4 Nxa4 26. Rxc8 Kxc8 27. Kc2 Kc7 28. Nd2 Nac5 29. f3 Kc6 30. Nb1 Nc7 31. Nc3 b5 32. Ne2 e5 33. Bd2 N7e6 34. Bb4 f5 35. exf5 gxf5 36. Nc3 Nd4+ 37. Kd2 Nce6 38. Nd1 Nf4 39. Ne3 Nd5 40. Bc3 Nxe3 41. Kxe3 Kd5 42. Bxd4 exd4+ 43. Kd3 b4 44. g4 fxg4 45. fxg4 h6 46. h4 Ke5 47. h5 1-0

[Event "New York USA"]
[Site "?"]
[Date "2002.04.16"]
[Round "2"]
[White "Novikov Igor A"]
[Black "Shahade Gregory P"]
[Result "1/2-1/2"]
[WhiteElo "2685"]
[BlackElo "2515"]
[PlyCount "70"]
[EventDate "2002.??.??"]
[Source "www.chesslib.no"]
[SourceDate "2004.05.04"]

1. d4 Nf6 2. c4 g6 3. Nc3 d5 4. Bf4 Bg7 5. e3 c5 6. dxc5 Qa5 7. Qa4+ Qxa4 8. Nxa4 Bd7 9. Nc3 Ne4 10. Nxd5 Na6 11. f3 Nexc5 12. Rb1 Rc8 13. Bg5 f6 14. Bh4 Kf7 15. Nc3 f5 16. Nge2 Nd3+ 17. Kd2 Rxc4 18. Nd4 Bxd4 19. Kxd3 Bxc3 20. Kxc4 Rc8+ 21. Kd3 Bb5+ 22. Kc2 Bf6+ 23. Kd2 Rd8+ 24. Kc1 Rc8+ 25. Kd2 Rd8+ 26. Kc1 Bxf1 27. Bxf6 Bxg2 28. Rg1 Bxf3 29. Bc3 Be4 30. Ra1 Nc5 31. Bd4 Nd3+ 32. Kc2 e5 33. Bc3 Nc5+ 34. Kc1 Nd3+ 35. Kc2 Nc5+ 1/2-1/2

[Event "RUS-Cup final"]
[Site "Samara"]
[Date "1998.09.01"]
[Round "4"]
[White "Malaniuk, Vladimir P"]
[Black "Dvoirys, Semen I"]
[Result "1/2-1/2"]
[WhiteElo "2590"]
[BlackElo "2585"]
[PlyCount "37"]
[EventDate "1998.08.??"]
[Source "ChessBase"]
[SourceDate "1998.11.30"]

1. d4 Nf6 2. c4 g6 3. Nc3 d5 4. Bf4 Bg7 5. e3 c5 6. dxc5 Qa5 7. Qa4+ Qxa4 8. Nxa4 O-O 9. Nf3 Bd7 10. Nc3 dxc4 11. Bxc4 Rc8 12. Ne5 Be8 13. O-O Rxc5 14. Be2 Rc8 15. Rfd1 Nc6 16. Bf3 Nxe5 17. Bxe5 Bc6 18. Rd4 Ne4 19. Rxe4 1/2-1/2

[Event "Haninge"]
[Site "?"]
[Date "1988.??.??"]
[Round "?"]
[White "Barlov, D."]
[Black "Kortchnoi, V."]
[Result "1/2-1/2"]
[WhiteElo "2520"]
[BlackElo "2640"]
[PlyCount "86"]
[EventDate "1988.??.??"]
[Source "ChessBase"]
[SourceDate "1988.01.01"]

1. d4 Nf6 2. c4 g6 3. Nc3 d5 4. Bf4 Bg7 5. e3 c5 6. dxc5 Qa5 7. Rc1 Ne4 8. Nge2 Nxc3 9. Qd2 dxc4 10. Nxc3 Be6 11. e4 Qxc5 12. Nd5 Bxd5 13. exd5 b5 14. Be3 Qd6 15. b3 Qa3 16. Be2 Nd7 17. bxc4 bxc4 18. Rxc4 O-O 19. O-O Nb6 20. Rc5 Rfd8 21. Bf3 Bh6 22. Qc1 Qxc1 23. Rfxc1 Bxe3 24. fxe3 Rac8 25. e4 Kg7 26. Rc6 h5 27. Kf2 Rxc6 28. dxc6 e5 29. Be2 Na8 30. Ke3 Nc7 31. Bc4 Rd4 32. g3 Kf8 33. Bb3 Ke7 34. h3 f6 35. g4 hxg4 36. hxg4 a5 37. Rh1 a4 38. Bc2 Ne6 39. Rh7+ Kd6 40. Rf7 Rc4 41. Kd2 Kxc6 42. Rxf6 Kd7 43. Rxg6 Nc5 1/2-1/2

[Event "Keres mem rap"]
[Site "Tallinn"]
[Date "2004.01.03"]
[Round "3"]
[White "Dreev, Alexey"]
[Black "Rytshagov, Mikhail"]
[Result "1-0"]
[WhiteElo "2682"]
[BlackElo "2465"]
[PlyCount "139"]
[EventDate "2004.01.03"]
[Source "ChessBase"]
[SourceDate "2004.06.01"]

1. d4 Nf6 2. c4 g6 3. Nc3 d5 4. Bf4 Bg7 5. e3 c5 6. dxc5 Qa5 7. Rc1 dxc4 8. Bxc4 O-O 9. Nge2 Nc6 10. Qb3 Qxc5 11. Nb5 Qh5 12. Ng3 Qh4 13. Nc7 e5 14. Bxe5 Nxe5 15. Nxa8 Bd7 16. Nc7 Bc6 17. Nd5 Kh8 18. Nf4 g5 19. Nd3 Nxd3+ 20. Qxd3 Bxg2 21. Nf5 Qh3 22. Nxg7 Kxg7 23. Rg1 Qxh2 24. Kd2 h6 25. Qd4 Re8 26. Kc2 Be4+ 27. Kb3 b5 28. Bxb5 Bd5+ 29. Ka3 Re4 30. Qxa7 Qxf2 31. b3 Rxe3 32. Qc5 Qf3 33. Ba4 Qe4 34. Rcd1 Re2 35. Bb5 Rc2 36. Qd6 Rxa2+ 37. Kxa2 Qc2+ 38. Ka1 Qc3+ 39. Kb1 Qxb3+ 40. Kc1 Qc3+ 41. Kb1 Qb3+ 42. Kc1 Qxb5 43. Qe5 Qc4+ 44. Kb2 Qb4+ 45. Kc1 Qc4+ 46. Kb2 Qb3+ 47. Kc1 Be4 48. Qb2 Qe3+ 49. Qd2 Qa3+ 50. Qb2 Qc5+ 51. Kd2 Kg6 52. Rge1 Bf5 53. Rc1 Qf2+ 54. Kc3 Qc5+ 55. Kb3 Be6+ 56. Rxe6 Qd5+ 57. Ka3 Qxe6 58. Qc3 g4 59. Re1 Qa6+ 60. Kb2 Qb5+ 61. Ka3 Qa6+ 62. Kb2 Qb5+ 63. Ka3 Qa6+ 64. Kb3 Qb5+ 65. Kc2 Qa4+ 66. Kc1 Qf4+ 67. Kb2 Qf2+ 68. Kc1 Qf3 69. Re3 Qg2 70. Rg3 1-0

[Event "MTO"]
[Site "Biel"]
[Date "2003.07.28"]
[Round "7"]
[White "Kuzmin, Alexey"]
[Black "Dvoirys, Semen I"]
[Result "1-0"]
[WhiteElo "2583"]
[BlackElo "2555"]
[PlyCount "55"]
[EventDate "2003.07.19"]
[Source "Roberto Alvarez"]
[SourceDate "2003.07.28"]

1. d4 Nf6 2. c4 g6 3. Nc3 d5 4. Bf4 Bg7 5. e3 c5 6. dxc5 Qa5 7. Rc1 dxc4 8. Bxc4 O-O 9. Nge2 Qxc5 10. Qb3 Qa5 11. O-O Nc6 12. h3 a6 13. Rfd1 b5 14. Bd5 Bb7 15. Ng3 Rac8 16. Nge4 Nxe4 17. Nxe4 e6 18. Bxe6 fxe6 19. Qxe6+ Kh8 20. Nd6 Nd8 21. Qe7 Rxc1 22. Rxc1 Qxa2 23. Be5 Qg8 24. Nxb7 Nxb7 25. Rc7 Rf7 26. Qxf7 Bxe5 27. Qxg8+ Kxg8 28. Rxb7 1-0

[Event "Zalaegerszeg"]
[Site "Zalaegerszeg"]
[Date "2004.04.27"]
[Round "4"]
[White "Portisch, Lajos"]
[Black "Ruck, Robert"]
[Result "0-1"]
[WhiteElo "2573"]
[BlackElo "2556"]
[PlyCount "80"]
[EventDate "2004.04.24"]
[Source "ChessBase"]
[SourceDate "2004.07.27"]

1. d4 Nf6 2. c4 g6 3. Nc3 d5 4. Bf4 Bg7 5. e3 c5 6. dxc5 Qa5 7. Qa4+ Qxa4 8. Nxa4 Bd7 9. Nc3 Ne4 10. Nxd5 Na6 11. f3 Nexc5 12. O-O-O e6 13. Nc3 Bxc3 14. bxc3 f6 15. g4 O-O-O 16. g5 Ba4 17. Re1 fxg5 18. Bxg5 Nd3+ 19. Bxd3 Rxd3 20. Bf6 Re8 21. Nh3 e5 22. Ng5 Rxc3+ 23. Kb2 Rc2+ 24. Ka3 Nc5 25. Rd1 Re2 26. Rde1 Rd2 27. f4 Bc6 28. Rhf1 Nd7 29. fxe5 Nxe5 30. e4 h6 31. Bxe5 Rxe5 32. Rf8+ Kc7 33. Rf7+ Kb6 34. Rb1+ Ka6 35. Nf3 Ra5+ 36. Kb3 Rd3+ 37. Kb2 Bxe4 38. Ne1 Rd2+ 39. Kc3 Bxb1 40. Kxd2 Rxa2+ 0-1

[Event "URS-ch56"]
[Site "Odessa"]
[Date "1989.??.??"]
[Round "?"]
[White "Malaniuk, Vladimir P"]
[Black "Tukmakov, Vladimir B"]
[Result "1/2-1/2"]
[WhiteElo "2560"]
[BlackElo "2565"]
[PlyCount "82"]
[EventDate "1989.09.??"]
[Source "ChessBase"]

1. d4 Nf6 2. c4 g6 3. Nc3 d5 4. Bf4 Bg7 5. e3 c5 6. dxc5 Qa5 7. Qb3 Nc6 8. Qb5 dxc4 9. Bxc4 O-O 10. Rc1 Bf5 11. f3 Rac8 12. e4 Bd7 13. Nge2 Qd8 14. O-O Na5 15. Qb4 b6 16. cxb6 Rxc4 17. Qxa5 axb6 18. Qa6 b5 19. Rfd1 Qe8 20. a3 Nh5 21. Bg5 f6 22. Be3 f5 23. Qa7 Be6 24. Nd4 Bf7 25. exf5 Bxd4 26. Rxd4 gxf5 27. Bh6 Qb8 28. Rd7 Qxa7+ 29. Rxa7 Rd8 30. Rb7 Rc6 31. Bg5 h6 32. Bxe7 Rd2 33. g3 Rxb2 34. Bb4 Nf6 35. Rxb5 Nd5 36. Rc5 Nxb4 37. axb4 Rd6 38. Nd1 Re2 39. Nc3 Rb2 40. Rxf5 Rdd2 41. Nd1 Rg2+ 1/2-1/2

[Event "USA-op Los Angeles"]
[Site "Los Angeles, CA USA"]
[Date "1991.??.??"]
[Round "?"]
[White "Akopian, Vladimir E"]
[Black "Kudrin, Sergey"]
[Result "1/2-1/2"]
[WhiteElo "2590"]
[BlackElo "2530"]
[PlyCount "39"]
[EventDate "1991.07.??"]
[Source "www.chesslib.no"]
[SourceDate "2004.05.04"]

1. d4 Nf6 2. c4 g6 3. Nc3 d5 4. Bf4 Bg7 5. e3 c5 6. dxc5 Qa5 7. Qb3 dxc4 8. Bxc4 O-O 9. Qb5 Qxb5 10. Bxb5 Bd7 11. Be2 Na6 12. Bxa6 bxa6 13. Be5 Rfc8 14. Bd4 Bc6 15. Nf3 Nd7 16. Bxg7 Kxg7 17. b4 a5 18. bxa5 Bxf3 19. gxf3 Rxc5 20. Ne4 1/2-1/2

[Event "EU-chT (Men)"]
[Site "Batumi"]
[Date "1999.11.30"]
[Round "2.4"]
[White "Gabriel, Christian"]
[Black "Oral, Tomas"]
[Result "1/2-1/2"]
[WhiteElo "2578"]
[BlackElo "2541"]
[PlyCount "82"]
[EventDate "1999.11.06"]
[Source "ChessBase"]
[SourceDate "2000.02.01"]

1. d4 Nf6 2. c4 g6 3. Nc3 d5 4. Bf4 Bg7 5. Rc1 Nh5 6. Bg5 h6 7. Bh4 dxc4 8. e3 O-O 9. Bxc4 c6 10. Nge2 Nd7 11. O-O Nb6 12. Bb3 Nd5 13. Nxd5 cxd5 14. Nc3 Bf6 15. Bxf6 Nxf6 16. Qf3 Be6 17. Qf4 h5 18. Nb5 Bf5 19. Rfd1 Qb6 20. Nc7 Rac8 21. f3 Rfd8 22. Qe5 Rd6 23. Qxe7 Rc6 24. Rxc6 Qxc6 25. Nb5 Qxb5 26. Qxf6 Bc2 27. Re1 Bxb3 28. axb3 Qb4 29. Re2 Rc2 30. Kf2 Rxe2+ 31. Kxe2 Qxb3 32. Kf1 Qxe3 33. Qd8+ Kg7 34. Qxd5 Qc1+ 35. Kf2 Qxb2+ 36. Kg3 a5 37. Qe5+ Kh7 38. Qd5 Kg7 39. Qe5+ Kh7 40. Qd5 Kh6 41. Qe5 Kh7 1/2-1/2

[Event "New York USA"]
[Site "?"]
[Date "1988.??.??"]
[Round "?"]
[White "Barlov Dragan"]
[Black "Gulko Boris F"]
[Result "0-1"]
[WhiteElo "2520"]
[BlackElo "2595"]
[PlyCount "124"]
[EventDate "1988.??.??"]
[Source "www.chesslib.no"]
[SourceDate "2004.05.04"]

1. d4 Nf6 2. c4 g6 3. Nc3 d5 4. Bf4 Bg7 5. e3 c5 6. dxc5 Qa5 7. Rc1 dxc4 8. Bxc4 O-O 9. Nge2 Qxc5 10. Qb3 Nc6 11. Nb5 Qh5 12. Nc7 Qa5+ 13. Qc3 Qxc3+ 14. Nxc3 Rb8 15. N7d5 Ra8 16. Nxf6+ Bxf6 17. Ke2 Bf5 18. Rhd1 Rac8 19. Bd5 Rfd8 20. Bxc6 Rxd1 21. Nxd1 Rxc6 22. Rxc6 bxc6 23. Bb8 a6 24. Kd2 Kf8 25. Ba7 Be5 26. f4 Bd6 27. Nc3 e5 28. g3 Ke7 29. Na4 exf4 30. exf4 Ke6 31. Bc5 Bc7 32. Nc3 f6 33. b4 g5 34. fxg5 fxg5 35. Ke3 h5 36. Bd4 h4 37. Kf2 h3 38. Be3 g4 39. Bf4 Bd8 40. Be3 Be7 41. a3 Bc2 42. Ke2 Bd6 43. Kd2 Bg6 44. Bf2 Bf5 45. Bg1 Bc7 46. Bf2 a5 47. b5 cxb5 48. Nxb5 Bb8 49. Nd4+ Kf6 50. Ke3 a4 51. Be1 Bd6 52. Nb5 Bc5+ 53. Kf4 Bd7 54. Bc3+ Kg6 55. Bd4 Be7 56. Nc3 Bd6+ 57. Be5 Bxa3 58. Nxa4 Bc1+ 59. Ke4 Bxa4 60. Kd3 Kf5 61. Bd4 Bb5+ 62. Kc2 Ke4 0-1

[Event "Vrsac"]
[Site "?"]
[Date "1987.??.??"]
[Round "?"]
[White "Barlov, D."]
[Black "Popovic, P."]
[Result "1-0"]
[WhiteElo "2555"]
[BlackElo "2560"]
[PlyCount "67"]
[EventDate "1987.??.??"]
[Source "ChessBase"]
[SourceDate "1987.07.01"]

1. d4 Nf6 2. c4 g6 3. Nc3 d5 4. Bf4 Bg7 5. e3 c5 6. dxc5 Qa5 7. Rc1 Ne4 8. Nge2 e5 9. Bg3 Nxc3 10. Qd2 d4 11. exd4 exd4 12. bxc3 dxc3 13. Nxc3 Na6 14. Bd6 Be6 15. Nb5 Qxd2+ 16. Kxd2 Kd7 17. Be2 Bf8 18. Rhd1 Nxc5 19. Be5 Rg8 20. Ke1+ Ke7 21. Bd4 Nd7 22. Bf3 Bh6 23. Rc2 a6 24. Nc7 Rab8 25. c5 Bf5 26. Nd5+ Kd8 27. Re2 Be6 28. Bf6+ Nxf6 29. Nxf6+ Kc7 30. Rxe6 fxe6 31. Rd7+ Kc8 32. Rxh7 Rf8 33. Nd7 Bd2+ 34. Ke2 1-0

[Event "Nederland"]
[Site "Nederland"]
[Date "1986.??.??"]
[Round "?"]
[White "Van der Sterren, Paul"]
[Black "Timman, Jan Hein"]
[Result "0-1"]
[WhiteElo "2470"]
[BlackElo "2645"]
[PlyCount "133"]
[EventDate "1986.??.??"]
[Source "www.chesslib.no"]
[SourceDate "2004.05.04"]

1. d4 Nf6 2. c4 g6 3. Nc3 d5 4. Bf4 Bg7 5. e3 c5 6. dxc5 Qa5 7. Rc1 Ne4 8. cxd5 Nxc3 9. Qd2 Nd7 10. Ne2 Nxc5 11. Nxc3 Bd7 12. Bc4 Qb4 13. Nb5 Qxd2+ 14. Kxd2 O-O 15. f3 Bxb2 16. Rc2 Bg7 17. e4 a6 18. Nc7 Rac8 19. Be2 e5 20. Rxc5 exf4 21. Rb1 Rb8 22. Rc4 Be5 23. Rb6 Rfc8 24. d6 Bc6 25. Nxa6 Ra8 26. Nb4 Bxd6 27. Nxc6 Rxa2+ 28. Kd3 bxc6 29. Rbxc6 Ra3+ 30. Kc2 Ra2+ 31. Kd3 Rxc6 32. Rxc6 Be5 33. Rc5 Ra3+ 34. Kd2 Ra2+ 35. Kd3 f6 36. Rc2 Ra1 37. Kd2 Rh1 38. h3 Rg1 39. Bc4+ Kg7 40. Kd3 h5 41. Bd5 Kh6 42. Bf7 Kg5 43. Ra2 Rb1 44. Be8 Rb8 45. Bf7 Rb7 46. Be8 Rg7 47. Kc4 Rg8 48. Bf7 Rd8 49. Kc5 Rd7 50. Be8 Rd8 51. Bf7 Rf8 52. Bc4 Kh4 53. Kd5 Rc8 54. Bb5 Rb8 55. Bd7 Kg3 56. Ke6 Bb2 57. Rxb2 Rxb2 58. Kxf6 Rb7 59. Be8 Kxg2 60. Bxg6 h4 61. Kg5 Rg7 62. Kf6 Rg8 63. Bf7 Rf8 64. e5 Kxh3 65. e6 Kg3 66. e7 Rb8 67. Ke6 0-1

[Event "Szirak"]
[Site "Szirak"]
[Date "1986.??.??"]
[Round "?"]
[White "Pinter, Jozsef"]
[Black "Ftacnik, Lubomir"]
[Result "1/2-1/2"]
[WhiteElo "2555"]
[BlackElo "2555"]
[PlyCount "46"]
[EventDate "1986.09.??"]
[Source "ChessBase"]

1. d4 Nf6 2. c4 g6 3. Nc3 d5 4. Bf4 Bg7 5. e3 c5 6. dxc5 Qa5 7. Nf3 Ne4 8. Be5 Bxe5 9. Nxe5 Nxc3 10. Qd2 f6 11. Nf3 Nc6 12. Qxc3 Qxc3+ 13. bxc3 dxc4 14. Bxc4 Bd7 15. Rb1 Na5 16. Bb5 O-O-O 17. Ke2 Bf5 18. Rbd1 a6 19. Ba4 Be6 20. Nd2 Bxa2 21. Ra1 Be6 22. Rhb1 Nc4 23. Nf3 Na5 1/2-1/2

[Event "MTO"]
[Site "Biel"]
[Date "2003.07.24"]
[Round "4"]
[White "Riazantsev, Alexander"]
[Black "Tukmakov, Vladimir"]
[Result "1/2-1/2"]
[WhiteElo "2533"]
[BlackElo "2573"]
[PlyCount "40"]
[EventDate "2003.07.19"]
[Source "Roberto Alvarez"]
[SourceDate "2003.07.28"]

1. d4 Nf6 2. c4 g6 3. Nc3 d5 4. Bf4 Bg7 5. e3 c5 6. dxc5 Qa5 7. Rc1 dxc4 8. Bxc4 O-O 9. Nge2 Qxc5 10. Qb3 Qa5 11. O-O Nc6 12. h3 Ne5 13. Nd5 Nxc4 14. Nxe7+ Kh8 15. Nxc8 b5 16. Nd6 Nd2 17. Nxf7+ Kg8 18. Nh6+ Kh8 19. Nf7+ Kg8 20. Nh6+ Kh8 1/2-1/2

[Event "Russia (ch)"]
[Site "?"]
[Date "1996.??.??"]
[Round "?"]
[White "Rashkovsky, N."]
[Black "Dvoirys, S."]
[Result "0-1"]
[WhiteElo "2530"]
[BlackElo "2570"]
[PlyCount "62"]
[EventDate "1996.??.??"]
[Source "ChessBase"]
[SourceDate "1997.02.01"]

1. d4 Nf6 2. c4 g6 3. Nc3 d5 4. Bf4 Bg7 5. Rc1 O-O 6. e3 dxc4 7. Bxc4 c5 8. dxc5 Qa5 9. Qa4 Qxa4 10. Nxa4 Bd7 11. Nc3 Rc8 12. b4 a5 13. b5 a4 14. Nd5 Nxd5 15. Bxd5 Bxb5 16. Bxb7 Na6 17. Bxa8 Rxa8 18. Ne2 Bb2 19. Rc2 a3 20. Nd4 Nb4 21. Nxb5 Nxc2+ 22. Ke2 Nb4 23. Rd1 Nxa2 24. c6 Nc1+ 25. Kf3 a2 26. Rxc1 Bxc1 27. Be5 Bd2 28. Ba1 Ba5 29. Ke4 Rb8 30. c7 Rc8 31. Kd5 Bxc7 0-1